LIBRARY & INFORMATION CENTRE, KCAET, TAVANUR

ONLINE PUBLIC ACCESS CATALOGUE (OPAC)

George Berkeley / (Record no. 6796)

MARC details
000 -LEADER
fixed length control field 00348cam a2200145ua 4500
041 ## - LANGUAGE CODE
Language code of text/sound track or separate title eng
082 ## - DEWEY DECIMAL CLASSIFICATION NUMBER
Classification number 828.09
Item number JES/GE
100 ## - MAIN ENTRY--AUTHOR NAME
Personal name Jessop, T.E .
245 ## - TITLE STATEMENT
Title George Berkeley /
260 ## - PUBLICATION, DISTRIBUTION, ETC. (IMPRINT)
Place of publication London :
Name of publisher Longman Green and Co ,
Year of publication 1959.
300 ## - PHYSICAL DESCRIPTION
Number of Pages 36 ; .
942 ## - ADDED ENTRY ELEMENTS (KOHA)
Koha item type Books
Holdings
Withdrawn status Lost status Damaged status Home library Current library Date acquired Full call number Accession Number Koha item type Public note
Withdrawn     KAUAET KAUAET 07/04/2012 828.09 5424 Books Deleted
free website counter